| 000 | 00834nam a22001817a 4500 | ||
|---|---|---|---|
| 999 |
_c63377 _d63377 |
||
| 003 | Ge_BSU | ||
| 005 | 20250926162056.0 | ||
| 008 | 250926s1974 ge ||||| |||| 00| 0 geo d | ||
| 041 | _ageo | ||
| 080 | _a331.103 გ-96 | ||
| 100 |
_aგურგენიძე, ვ. _9495 |
||
| 245 |
_aშრომის ორგანიზაციის მეცნიერული საფუძვლები / _cვ. გურგენიძე, შ. მჭედლიშვილი. |
||
| 264 |
_aთბილისი : _b საბჭ. საქართველო, _c1974. |
||
| 300 |
_a204 გვ. ; _b 21 სმ. |
||
| 653 | _aშრომის მეცნიერული ორგანიზაცია. | ||
| 700 |
_aმჭედლიშვილი, შ. _eავტორი _925887 |
||
| 942 |
_2udc _cᲬᲘᲒᲜᲘ |
||